| 000 | 00570nam a2200205 a 4500 | ||
|---|---|---|---|
| 001 | 0000412 | ||
| 003 | DO-SdBNP | ||
| 005 | 20160616095817.0 | ||
| 007 | 0000412 | ||
| 008 | 091125s1974 ar a 000 0 spa d | ||
| 040 |
_aBPMSU _bspa _cBPMSU |
||
| 245 | 0 | 0 |
_aFotografía para todos : _bla cámara fotográfica / |
| 260 |
_aBuenos Aires, Argentina : _bCentro editor de América Latina, _c1974. |
||
| 300 |
_a[20] p. : _bil. ; _c28 cm. |
||
| 490 | 1 | _aCursos prácticos | |
| 830 | 0 | _aCursos prácticos | |
| 910 | _a | ||
| 942 |
_2ddc _cBK |
||
| 956 |
_aYngrid Lockward _b10 |
||
| 999 |
_c10404 _d10404 |
||